000 00245nam a2200097Ia 4500
001 1184432
005 20250827020914.0
008 250824s9999 xx 000 0 und d
245 0 _aNEŞESİ YETER
_cİREM YAŞAR
260 _bCEZVE KİTAP YAYINLARI
999 _c1184432
_d1184432